BIBLIOTECA

SENCICO

Rutinas del servicio de documentación e información (Registro nro. 105)

Detalles MARC
000 -LEADER
fixed length control field 00651nam a2200265Ia 4500
005 - DATE AND TIME OF LATEST TRANSACTION
control field 20251020182426.0
008 - FIXED-LENGTH DATA ELEMENTS--GENERAL INFORMATION
fixed length control field 200515s9999 xx 000 0 und d
082 ## - DEWEY DECIMAL CLASSIFICATION NUMBER
Classification number 025.31/C43/1984
110 ## - MAIN ENTRY--CORPORATE NAME
Corporate name or jurisdiction name as entry element CINTERFOR/OIT
245 #0 - TITLE STATEMENT
Title Rutinas del servicio de documentación e información
250 ## - EDITION STATEMENT
Edition statement 1a ed.
260 ## - PUBLICATION, DISTRIBUTION, ETC.
Place of publication, distribution, etc. Montevideo
260 ## - PUBLICATION, DISTRIBUTION, ETC.
Name of publisher, distributor, etc. CINTERFOR/OIT
260 ## - PUBLICATION, DISTRIBUTION, ETC.
Date of publication, distribution, etc. 1984
300 ## - PHYSICAL DESCRIPTION
Extent 97
300 ## - PHYSICAL DESCRIPTION
Other physical details tbl.
500 ## - GENERAL NOTE
General note 1 ejemplar
650 ## - SUBJECT ADDED ENTRY--TOPICAL TERM
Topical term or geographic name entry element CATALOGACION
650 ## - SUBJECT ADDED ENTRY--TOPICAL TERM
Topical term or geographic name entry element CLASIFICACION
650 ## - SUBJECT ADDED ENTRY--TOPICAL TERM
Topical term or geographic name entry element PROCESAMIENTO DE LA INFORMACION
650 ## - SUBJECT ADDED ENTRY--TOPICAL TERM
Topical term or geographic name entry element PUB CINTERFOR
650 ## - SUBJECT ADDED ENTRY--TOPICAL TERM
Topical term or geographic name entry element SERVICIO DE INFORMACION
942 ## - ADDED ENTRY ELEMENTS (KOHA)
Koha item type Libros
Existencias
Fecha de la última vez que lo usaron Pago total Signatura topográfica completa Código de barras Precio efectivo desde Tipo de documento Estado perdido Estado dañado No es para préstamo Retirado Ubicación permanente Ubicación actual Fecha de adquisición
15/05/2020   025.31/C43/1984 Bib-Lima15050105 15/05/2020 Libros         Biblioteca Central Lima Biblioteca Central Lima 15/05/2020